000 00362nam a2200133Ia 4500
008 151001s9999||||xx |||||||||||||| ||und||
100 _aगो. ना. दातार
245 _aकालिकामूर्ती
250 _a1
260 _bदामोदर सावळाराम धंदे
260 _c1969
300 _a564
365 _b18
999 _c958722
_d958719